British TV Show / American TV Show Quiz Stats

 Plays Quiz Updated Apr 4, 2013

Challenge
Share
Tweet
Score 0/20 Timer 05:00
0 Plays Today
% Correct
Pop Idol
97.8%
Strictly Come Dancing
94.6%
Dancing On Ice
94%
Family Fortunes
89.3%
University Challenge
87.2%
Scrapheap Challenge
86.8%
Play Your Cards Right
81.8%
The Brighton Belles
75.7%
Changing Rooms
73.8%
Dragons' Den
72.8%
% Correct
Blankety Blank
62.8%
Loved By You
57.8%
Till Death Us Do Part
37.2%
Man About The House
37%
Days Like These
35.9%
The Upper Hand
33.3%
Upstairs, Downstairs
30.7%
Robin's Nest
18.3%
The Fosters
13.8%
In With The Flynns
12%

You're not logged in!

Compare scores with friends on all Sporcle quizzes.
OR
Log In

You Might Also Like...

Show Comments

Extras

Top Quizzes Today


Score Distribution

Your Account Isn't Verified!

In order to create a playlist on Sporcle, you need to verify the email address you used during registration. Go to your Sporcle Settings to finish the process.

Report this User

Report this user for behavior that violates our Community Guidelines.

Details: